| 000 | 01050nam a22002417a 4500 | ||
|---|---|---|---|
| 001 | 38585 | ||
| 003 | BD-RjUL | ||
| 005 | 20211209052826.0 | ||
| 008 | 160117s1827 ii ||||| |||| 00| 0 ben d | ||
| 035 | _a(BD-RjUL)38693 | ||
| 040 |
_aBD-RjUL _bben _cBD-RjUL |
||
| 041 | _aben | ||
| 082 |
_a294.5923 _bMAH 1827 |
||
| 245 |
_aমহাভারতম : _bখিল হরিবংশ পর্ব্বণ / _cপঞ্চানন তর্করত্ন ভট্টাচার্য সম্পাদিত |
||
| 260 |
_aকলিকাতা : _c১৮২৭ |
||
| 300 |
_a৫৯৪ পৃ. ; _c২৩ সেমি. |
||
| 500 | _a"বাংলা লিপিতে সংস্কৃত ভাষায় লিখিত" | ||
| 504 | _a"পুঠিয়া রাজবাড়ী থেকে সংগৃহীত" | ||
| 650 |
_aমহাভারত _9119067 |
||
| 650 |
_aMahabharata _9119068 |
||
| 700 |
_aভট্টাচার্য, পঞ্চানন তর্করত্ন, সম্পা. _9119069 |
||
| 942 |
_2ddc _cRAR |
||
| 999 |
_c38585 _d38585 |
||